[Event "Torun op"]
[Site "Torun"]
[Date "2002.??.??"]
[Round "3"]
[White "Markowska, P."]
[Black "Mierska, Agnieszka"]
[Result "0-1"]
[WhiteElo "1250"]
[BlackElo "1600"]
[PlyCount "30"]
[EventDate "2002.??.??"]
[EventType "swiss"]
[EventRounds "9"]
[EventCountry "POL"]
[SourceTitle "EXT 2007"]
[Source "ChessBase"]
[SourceDate "2006.11.23"]
[SourceVersion "1"]
[SourceVersionDate "2006.11.23"]
[SourceQuality "1"]

1. e4 e5 2. Nf3 Nc6 3. Bc4 Bc5 4. d3 h6 5. 0-0 Nf6 6. Nc3 d6 7. Qe1 Bg4 8. Qe2 Nd4 9. Qd1 0-0 10. h3 Nxf3+ 11. gxf3 Bxh3 12. Re1 Nd7 13. Be3 Bxe3 14. Rxe3 Qg5+ 15. Kh2 Qg2# 0-1